00510nam a2200169Ia 4500001000700000008004100007035001600048041001000064084001300074245003200087260008300119300002100202650000900223650001400232650001300246710008100259022801221003s1991 xx 000 0 spa d aCENDO_14875 aspab aCD-06713 0aCC.OO. :bnuestro sindicato a[Madrid :bSindicato de Transportes, Comunicaciones y Mar de la C.A.M.,c199?] a25 p. ;c 21 cm aCCOO aSINDICATO aHISTORIA aCCOObSindicato de Transportes, Comunicaciones y MarbFederación de Madrid